| 000 | 00870nam a2200241 a 4500 | ||
|---|---|---|---|
| 001 | 3357 | ||
| 003 | BD-RjUL | ||
| 005 | 20211208233721.0 | ||
| 008 | 161218s1962 enk 000 0 eng | ||
| 035 | _a(BD-RjUL)3391 | ||
| 040 |
_aDLC _cTNJ _dUk _dDLC _dBD-RjUL _beng |
||
| 041 | _aeng | ||
| 082 | 0 | 4 |
_223 _a331.880941 _bROT 1962 |
| 100 | 1 |
_aRoberts, B. C. _q(Benjamin Charles), _d1917- _98415 |
|
| 245 | 1 | 0 |
_aTrade unions in a free society : _bstudies in the organisation of labour in Britain and the U.S.A. / _cB. C. Roberts, With a foreword by F. W. Paish. |
| 250 | _a[2d ed.] | ||
| 260 |
_aLondon : _bPublished for the Institute of Economic Affairs by Hutchinson, _c1962. |
||
| 300 |
_a206 p. ; _c22 cm. |
||
| 505 | _aIncludes Bibliography and Index | ||
| 650 | 0 |
_aTrade unions _zGreat Britain. _910550 |
|
| 650 | 0 |
_aLabor unions _zUnited States. _910551 |
|
| 942 |
_2ddc _cBK |
||
| 999 |
_c3357 _d3357 |
||